[Event "ch-CRO w"]
[Site "Zagreb CRO"]
[Date "2002.11.29"]
[Round "6"]
[White "Medic,Mir"]
[Black "Macek,V"]
[Result "1-0"]
[WhiteElo "2288"]
[BlackElo "2222"]

1.d4 d5 2.c4 c6 3.Nf3 Nf6 4.Nc3 a6 5.a4 e6 6.e3 Bb4 7.Bd3 Nbd7 8.O-O Qe7
9.Ne5 c5 10.Nxd7 Bxd7 11.cxd5 exd5 12.dxc5 Bxc5 13.e4 dxe4 14.Nxe4 Nxe4 15.Bxe4 Be6
16.Qf3 Ra7 17.Be3 Bxe3 18.Qxe3 Ra8 19.Qb6 Rb8 20.Bc6+ Kf8 21.Rfe1 h5 22.Qa7 Qd8
23.Rad1 Qc8 24.Be4 Ke7 25.Rc1 Qd7 26.Qc5+ Ke8 27.Qe5 Rd8 28.Qxg7 Qd4 29.Qg5 Kf8
30.Bxb7 Rb8 31.Rcd1 Qxb2 32.Bxa6 Qb4 33.Bb5 h4 34.Qe5  1-0

[Event "ch-ROM w"]
[Site "Curtea de Arges ROM"]
[Date "2002.12.02"]
[Round "4.2"]
[White "Motoc,A"]
[Black "Ionescu Brandis,I"]
[Result "1/2-1/2"]
[WhiteElo "2272"]
[BlackElo "2326"]

1.d4 d5 2.c4 c6 3.Nf3 Nf6 4.Nc3 a6 5.a4 Bf5 6.Qb3 Ra7 7.a5 dxc4 8.Qxc4 e6
9.Bg5 Be7 10.e3 O-O 11.Be2 h6 12.Bh4 Ne4 13.Bxe7 Qxe7 14.Ne5 Nd7 15.Nxd7 Qxd7
16.Bf3 Nd6 17.Qc5 Raa8 18.O-O Rad8 19.Rfd1 Rfe8 20.Rac1 Qe7 21.Na4 Bg6 22.Qb6 Be4
23.Bxe4 Nxe4 24.f3 Nd6 25.Nc5 Rb8 26.Qb3 Nb5 27.Nd3 Rbd8 28.Ne5 Rd5 29.Nc4 Red8
30.Rd3 Nd6 31.e4 Rb5 32.Qa3 Qg5 33.b4 Rxb4 34.Nxd6 Rxd6 35.Qxb4 Qxc1+ 36.Kf2 Rd7
37.Qd2  1/2-1/2

[Event "ch-GRE"]
[Site "Athens GRE"]
[Date "2002.12.04"]
[Round "7"]
[White "Halkias,S"]
[Black "Banikas,H"]
[Result "1/2-1/2"]
[WhiteElo "2528"]
[BlackElo "2520"]

1.d4 d5 2.c4 c6 3.Nc3 Nf6 4.Nf3 a6 5.c5 Nbd7 6.Bf4 Nh5 7.e3 b6 8.cxb6 Qxb6
9.Qd2 Nxf4 10.exf4 Rb8 11.Na4 Qb4 12.Qxb4 Rxb4 13.b3 e6 14.Rc1 Bb7 15.Bd3 c5
16.dxc5 Bc6 17.Bxa6 Rxf4 18.O-O g5 19.Rfd1 Bg7 20.Nc3 Rb4 21.Bf1 Ke7 22.Ne2 Ra8
23.Nfd4 Nb8 24.Rc2 Be8 25.c6 Na6 26.c7 Rc8 27.Rdc1 Rb6 28.a4 Nb4 29.Rd2 Rb7
30.Ng3 Rbxc7 31.Re1 Kf8 32.Red1 Bxd4 33.Rxd4 Rb8 34.h4 Nc2 35.Rg4 gxh4 36.Nh5 Rxb3
37.Nf6 Bc6 38.Rc1 Rc3 39.Nxh7+ Ke7 40.Ng5 Ra7 41.Rxh4 Bxa4 42.Rh7 Be8 43.Bb5 Rcc7
44.Bxe8 Kxe8 45.Nxf7 Rxf7 46.Rxf7 Kxf7 47.Rxc2 Ra1+ 48.Kh2 Kf6 49.Kg3 Kf5
50.Kf3 Ra3+ 51.Ke2 d4 52.Rb2 e5 53.f3 Re3+ 54.Kf2 Rc3 55.Rd2 Ke6 56.f4  1/2-1/2

[Event "Cerrado CEMAR B"]
[Site "Mondariz ESP"]
[Date "2002.12.15"]
[Round "1"]
[White "Minero Pineda,S"]
[Black "Tallarico Tallarico,O"]
[Result "1-0"]
[WhiteElo "2396"]
[BlackElo "2216"]

1.Nf3 Nf6 2.c4 c6 3.d4 d5 4.Nc3 a6 5.g3 g6 6.Bg2 Bg7 7.cxd5 cxd5 8.Ne5 O-O
9.Bg5 e6 10.Qd2 Qe8 11.Rc1 Nfd7 12.Nf3 Nc6 13.O-O Nf6 14.Bh6 Bd7 15.Bxg7 Kxg7
16.Ne5 Qe7 17.e4 dxe4 18.Nxe4 Nxe4 19.Bxe4 Rac8 20.Nxc6 Bxc6 21.Bxc6 Rxc6
22.Rxc6 bxc6 23.Rc1 Qd6 24.Rc4 Kg8 25.Qa5 Qd5 26.Qxa6 c5 27.Qb5 Qe4 28.dxc5 Qe2
29.Rb4 Qd1+ 30.Qf1 Qf3 31.Rc4 Rd8 32.Rc1 h5 33.c6 Rc8 34.Qa6 Rc7 35.Qa4 h4
36.Qxh4 Rxc6 37.Qd8+ Kh7 38.Rxc6 Qxc6 39.Qd2 Qe4 40.Qd1 Qb4 41.Qe2 Kg8 42.h4 Qa5
43.b3 e5 44.a4 Qc3 45.Qe3 Qc2 46.a5 Qb2 47.Kg2 Qa3 48.Qxe5 Qxb3 49.a6 Qa2
50.Qb8+ Kh7 51.Qb7  1-0

[Event "Cerrado CEMAR B"]
[Site "Mondariz ESP"]
[Date "2002.12.19"]
[Round "5"]
[White "Minero Pineda,S"]
[Black "Valles Moreno,I"]
[Result "1-0"]
[WhiteElo "2396"]
[BlackElo "2294"]

1.Nf3 d5 2.d4 c6 3.c4 Nf6 4.Nc3 a6 5.c5 Nbd7 6.Bf4 g6 7.e3 Bg7 8.h3 O-O 9.Be2 Ne8
10.O-O Nc7 11.Bg3 Re8 12.Na4 f6 13.Qb3 Kh8 14.Rad1 e5 15.dxe5 fxe5 16.e4 Qe7
17.Qc2 d4 18.Ne1 Ne6 19.Nd3 Ng5 20.f3 Nf7 21.b4 Ra7 22.Nab2 Nf6 23.Nc4 Nh5
24.Bh2 g5 25.Nb6 Be6 26.a4 Rg8 27.Nf2 a5 28.b5 Bf8 29.Bc4 Nf4 30.Nd3 h5 31.Kh1 Rg6
32.Rc1 Kh7 33.Rfd1 Bh6 34.Bxf4 gxf4 35.Bxe6 Qxe6 36.Qc4 Qf6 37.Rb1 Qg7 38.Rd2 Bg5
39.Qb3 Bd8 40.Nc4 cxb5 41.axb5 a4 42.Qb4 Ra8 43.Rc2 Be7 44.Qd2 Rg8 45.c6 Rg3
46.cxb7 Ng5 47.Ncxe5 Bd6 48.Qxf4 Nxf3 49.Qf5+  1-0

[Event "XII It"]
[Site "Elgoibar ESP"]
[Date "2002.12.20"]
[Round "9"]
[White "Mirzoev,A"]
[Black "Perez,Rod"]
[Result "1/2-1/2"]
[WhiteElo "2522"]
[BlackElo "2428"]

1.d4 d5 2.Nf3 Nf6 3.c4 c6 4.Nc3 a6 5.e3 b5 6.b3 Bg4 7.h3 Bxf3 8.Qxf3 e6 9.Qd1 Bb4
10.Bd2 O-O 11.Be2 bxc4 12.bxc4 c5 13.cxd5 cxd4 14.exd4 Bxc3 15.Bxc3 Nxd5
16.Qd2 Nxc3 17.Qxc3 Nd7 18.O-O Nb6 19.Rac1 Nd5 20.Qd2 Qf6 21.Bf3 Rad8 22.Rfd1 Rd6
23.Qe2 Rfd8 24.Bxd5 Rxd5 25.Qxa6 e5 26.Qxf6 gxf6 27.Rc4 Rxd4 28.Rcxd4 exd4
29.Kf1 Ra8 30.Rd2 Kf8 31.Ke2 Ke7 32.Kd3 Ra4 33.Ke4 Ke6 34.g4 f5+ 35.gxf5+ Kf6
36.Rb2 d3+ 37.Kxd3 Kxf5 38.Kc3 Ra3+ 39.Kb4 Rxh3 40.a4 Ke6 41.a5 Kd7 42.Kb5 Kc8
43.a6 Kb8 44.f4  1/2-1/2

[Event "26th Christmas Open Masters"]
[Site "Zurich SUI"]
[Date "2002.12.27"]
[Round "2"]
[White "Kelecevic,N"]
[Black "Haas,C"]
[Result "1/2-1/2"]
[WhiteElo "2377"]
[BlackElo "2217"]

1.d4 d5 2.Nf3 Nf6 3.c4 c6 4.Nc3 a6 5.c5 e6 6.h3 b6 7.cxb6 Nbd7 8.e3 c5 9.Bd3 Qxb6
10.O-O Bb7 11.Na4 Qa7 12.dxc5 Bxc5 13.Nxc5 Nxc5 14.b3 O-O 15.Bb2 Nxd3 16.Qxd3 Ne4
17.Ne5 a5 18.Rfc1 f6 19.Bd4 Qa6 20.Qxa6 Bxa6 21.Nc6 a4 22.bxa4 Bc4 23.a5 Rf7
24.Bb6 Rd7 25.Nd4 Kf7 26.Nb3 e5 27.f3 Nd6 28.Nc5 Re7 29.e4 d4 30.Kf2 Ba6
31.Rab1 Bc8 32.Nd3 Be6 33.Bc5 Rd7 34.Bxd6 Rxd6 35.Rb5 Rd7 36.a3 Rda7 37.Nc5 Rc8
38.Nd3 Rxc1 39.Nxc1 Rc7 40.a6 Bc8 41.a7 Rxa7 42.Rc5 Bd7 43.f4 Rxa3 44.fxe5 Rc3
45.Rxc3 dxc3 46.exf6 Kxf6 47.Ke3 Bb5 48.Kd4 c2 49.h4 h5 50.g3 Ke6 51.Nb3 Bf1
52.Nc1 Kd6 53.Nb3 Kc6 54.Kc3 Bg2 55.Kxc2 Bxe4+  1/2-1/2

[Event "26th Christmas Open Masters"]
[Site "Zurich SUI"]
[Date "2002.12.28"]
[Round "4"]
[White "Raetsky,A"]
[Black "Burmakin,V"]
[Result "0-1"]
[WhiteElo "2423"]
[BlackElo "2581"]

1.d4 d5 2.c4 c6 3.Nc3 Nf6 4.Nf3 a6 5.cxd5 cxd5 6.Bf4 e6 7.e3 Bd6 8.Bxd6 Qxd6
9.Ne5 Nbd7 10.f4 b5 11.Bd3 O-O 12.O-O Bb7 13.Rc1 Rac8 14.Qe2 Nb6 15.Nb1 Ne4
16.Rfd1 f6 17.Nf3 Na4 18.a3 Rc6 19.Rxc6 Qxc6 20.Rf1 Rc8 21.g4 Qe8 22.Qg2 Rc7
23.g5 f5 24.Ne5 Qc8 25.b3 Nac3 26.Nd2 Nd6 27.b4 Nc4 28.Rf3 Ne4 29.Nb3 Nxe5
30.fxe5 Rc3 31.Bxe4 dxe4  0-1

[Event "26th Christmas Open Masters"]
[Site "Zurich SUI"]
[Date "2002.12.29"]
[Round "6"]
[White "Papa,S"]
[Black "Haas,C"]
[Result "1-0"]
[WhiteElo "2326"]
[BlackElo "2217"]

1.d4 d5 2.c4 c6 3.Nf3 Nf6 4.Nc3 a6 5.c5 b6 6.cxb6 Nbd7 7.Bf4 Qxb6 8.Na4 Qa5+
9.Bd2 Qc7 10.Rc1 e6 11.g3 Bd6 12.Bg2 O-O 13.O-O Ne4 14.Be3 a5 15.Nd2 f5 16.f3 Nxd2
17.Qxd2 Ba6 18.Rf2 Bc4 19.b3 Bb5 20.Nc3 Ba6 21.Bf4 Bxf4 22.Qxf4 Qxf4 23.gxf4 Nb6
24.e3 Rfc8 25.Nd1 a4 26.Rfc2 axb3 27.axb3 Bb7 28.Nf2 Ra3 29.Nd3 Nd7 30.Rc3 Rca8
31.Nb4 Kf7 32.Kf2 Nb8 33.e4 R8a5 34.exf5 exf5 35.Bf1 Ra1 36.R1c2 Rd1 37.Re3 Ra7
38.Bd3 g6 39.Rce2 Bc8 40.Re8 Rc7 41.Rh8 Kg7 42.Ree8 Rb7 43.Ke2 Na6 44.Nxa6 Rxb3
45.Nc5 Rdxd3 46.Nxb3  1-0

[Event "TCh-BEL 2002-3"]
[Site "Belgium BEL"]
[Date "2003.01.12"]
[Round "6"]
[White "Goormachtigh,J"]
[Black "Eliet,N"]
[Result "0-1"]
[WhiteElo "2303"]
[BlackElo "2412"]

1.d4 d5 2.c4 c6 3.Nf3 Nf6 4.Nc3 a6 5.cxd5 cxd5 6.Bg5 Ne4 7.Bf4 Nc6 8.e3 Nxc3
9.bxc3 g6 10.Be2 Bg7 11.O-O O-O 12.c4 dxc4 13.Bxc4 Bf5 14.Rc1 Rc8 15.Re1 Be4
16.Nd2 Bd5 17.Bxd5 Qxd5 18.Rc5 Qxa2 19.Nc4 Nxd4 20.Bc7 Ne6 21.Re2 Qa1  0-1

[Event "TSGM Jan"]
[Site "Novi Sad YUG"]
[Date "2003.01.18"]
[Round "1"]
[White "Dimitrijevic,A"]
[Black "Sedlak,N"]
[Result "1-0"]
[WhiteElo "2369"]
[BlackElo "2506"]

1.Nf3 d5 2.d4 Nf6 3.c4 c6 4.Nc3 a6 5.e3 b5 6.b3 Bg4 7.h3 Bxf3 8.Qxf3 e6 9.c5 Nbd7
10.Bb2 g6 11.O-O-O Bg7 12.Bd3 O-O 13.g4 e5 14.Bc2 Re8 15.Rdg1 exd4 16.exd4 b4
17.Nd1 Ne4 18.h4 Qa5 19.Bb1 Ndxc5 20.dxc5 Qxc5+ 21.Bc2 Bxb2+ 22.Nxb2 Nc3
23.Na4 Qd4 24.Nxc3 bxc3 25.Rd1 Qb4 26.Kb1 d4 27.Ka1 Re5 28.Qf4 Ra5 29.Qc1 Rd8
30.h5 Rdd5 31.hxg6 fxg6 32.Kb1 Rg5 33.Rde1 Qa3 34.Qxa3 Rxa3 35.Re8+ Kg7 36.Re7+ Kf6
37.Re4 Rd5 38.Rd1 c5 39.Bd3 a5 40.Bc2 a4 41.bxa4 Rd6 42.Bb3 Rb6 43.Kc1 Rb4
44.Re6+ Kg7 45.Rc6 c4 46.Rxc4 Raxa4 47.Rdxd4  1-0

[Event "Inv. Tens"]
[Site "Wijk aan Zee NED"]
[Date "2003.01.23"]
[Round "6"]
[White "Janssen,R"]
[Black "Lobron,E"]
[Result "1-0"]
[WhiteElo "2470"]
[BlackElo "2506"]

1.d4 d5 2.c4 c6 3.Nf3 Nf6 4.Nc3 a6 5.a4 e6 6.Bg5 Nbd7 7.a5 dxc4 8.e3 h6 9.Bxf6 Nxf6
10.Bxc4 Bb4 11.Qa4 Qe7 12.O-O O-O 13.Ne5 Bd7 14.Qb3 Rad8 15.Nd3 Bd6 16.f4 Nd5
17.e4 Ne3 18.Rf3 Nxc4 19.Qxc4 Bc8 20.e5 Bc7 21.Nc5 f6 22.b4 Rf7 23.N3e4 f5
24.Nc3 g5 25.fxg5 hxg5 26.g4 Rdf8 27.Raf1 Kg7 28.Qd3 b6 29.axb6 Bxb6 30.Rh3 Bxc5
31.bxc5 Rh8 32.Rxh8 Kxh8 33.Qf3 Qd8 34.Kh1 Rh7 35.Rg1 a5 36.Qe3 f4 37.Qd3 Kg7
38.Rg2 Qh8 39.Ne4 Rh3 40.Qd2 Qd8 41.Nd6 Ba6 42.Qa2 Rh6 43.Qb3 Bb5 44.d5 exd5
45.Nf5+ Kh7 46.Nxh6 Kxh6 47.h4 Qe7 48.Qc3 Qe6 49.hxg5+ Kxg5 50.Rh2 d4 51.Qh3 f3
52.Qxf3 Qd5 53.Kg2 d3 54.Qxd5 cxd5 55.Kf3 a4 56.Ke3 Kxg4 57.Rb2 d4+ 58.Kd2  1-0

[Event "Kaissa Open"]
[Site "Kharkov UKR"]
[Date "2003.01.27"]
[Round "6"]
[White "Gnidash,A"]
[Black "Doibani,L"]
[Result "0-1"]
[WhiteElo "2187"]
[BlackElo "2017"]

1.d4 d5 2.c4 c6 3.Nc3 Nf6 4.Nf3 a6 5.cxd5 cxd5 6.Ne5 e6 7.Bg5 Be7 8.e3 O-O
9.Bd3 Nbd7 10.Nxd7 Bxd7 11.O-O Rc8 12.Qb3 Bc6 13.Rad1 Qc7 14.Bf4 Qd7 15.h3 Rfd8
16.a3 Ne8 17.Bb1 Nd6 18.Qc2 g6 19.Bxd6 Bxd6 20.f4 Bb8 21.Qf2 Qd6 22.g4 Re8
23.h4 Kh8 24.g5 Kg7 25.h5 Rh8 26.Rd2 h6 27.hxg6 fxg6 28.Qg3 h5 29.Qe1 Rhd8
30.Qe2 Qd7 31.Qd3 Qf7 32.Rh2 Rh8 33.b4 Bd6 34.Bc2 Be8 35.e4 Qc7 36.Rf3 Bxf4
37.Rg2 Bc1 38.exd5 Rf8 39.Rxf8 Kxf8 40.Ne4 exd5 41.Qf3+ Kg7 42.Qf6+ Kh7 43.Nc5 Qf4
44.Qe7+ Qf7 45.Qe2 Qf4 46.Qxh5+ Kg8 47.Bxg6 Be3+ 48.Kh1 Qf1+ 49.Kh2 Bf4+
50.Kh3 Qh1+ 51.Kg4 Qxg2+ 52.Kxf4  0-1

[Event "Open"]
[Site "Auckland AUS"]
[Date "2003.01.28"]
[Round "4"]
[White "Zakaria,F"]
[Black "Smith,Ro"]
[Result "1/2-1/2"]
[WhiteElo "2167"]
[BlackElo "2259"]

1.d4 d5 2.c4 c6 3.Nf3 Nf6 4.Nc3 a6 5.c5 Nbd7 6.Bf4 Nh5 7.e3 Nxf4 8.exf4 g6
9.Bd3 Nf6 10.Ne5 Bg7 11.O-O O-O 12.g4 Nd7 13.Qe2 Qc7 14.Na4 Nxe5 15.fxe5 f5
16.Nb6 Rb8 17.Nxc8 Rbxc8 18.gxf5 gxf5 19.Kh1 e6  1/2-1/2

[Event "Open"]
[Site "Auckland AUS"]
[Date "2003.01.28"]
[Round "5"]
[White "Rippis,T"]
[Black "Zakaria,F"]
[Result "1/2-1/2"]
[WhiteElo "2061"]
[BlackElo "2167"]

1.d4 d5 2.c4 c6 3.Nc3 Nf6 4.Nf3 a6 5.e3 b5 6.b3 e6 7.c5 Be7 8.Bd3 Nfd7 9.Bb2 Qc7
10.Qc2 Bb7 11.b4 a5 12.a3 axb4 13.axb4  1/2-1/2

[Event "Kaissa Open"]
[Site "Kharkov UKR"]
[Date "2003.01.28"]
[Round "7"]
[White "Kostiuk,T"]
[Black "Doibani,L"]
[Result "1/2-1/2"]
[WhiteElo "2233"]
[BlackElo "2017"]

1.d4 d5 2.c4 c6 3.Nf3 Nf6 4.Nc3 a6 5.e3 b5 6.b3 Bg4 7.Be2 Nbd7 8.O-O e6 9.Qc2 Be7
10.e4 bxc4 11.bxc4 dxc4 12.Qa4 O-O 13.Qxc4 Nb6 14.Qb3 c5 15.Be3 Bxf3 16.Bxf3 cxd4
17.e5 Rc8 18.exf6 Bxf6 19.Ne4 dxe3 20.Nxf6+ gxf6  1/2-1/2

[Event "3rd IM withdrawal"]
[Site "Griesheim GER"]
[Date "2003.01.29"]
[Round "1"]
[White "Koehler,R"]
[Black "Jirka,J"]
[Result "0-1"]
[WhiteElo "2252"]
[BlackElo "2370"]

1.d4 d5 2.c4 c6 3.Nf3 Nf6 4.Nc3 a6 5.cxd5 cxd5 6.Bf4 Nc6 7.Rc1 Bf5 8.e3 Ne4
9.Ne5 Nxe5 10.Bxe5 f6 11.Nxe4 fxe5 12.Nc3 exd4 13.Qxd4 e6 14.Be2 Qf6 15.Qb6 Be7
16.O-O O-O 17.Qxb7 Rab8 18.Qc7 Rfc8 19.Qg3 Rxb2 20.e4 d4 21.exf5 dxc3 22.Bxa6 Rc6
23.Bd3 exf5 24.Qf3 g6 25.Qd5+ Kg7 26.Bc4 Rd2 27.Qg8+ Kh6 28.Bb3 c2 29.Qe8 Rd8
30.Qf7 Qxf7 31.Bxf7 Ba3 32.Bb3 Bxc1 33.Rxc1 Rd1+  0-1

[Event "National I"]
[Site "Bischwiller FRA"]
[Date "2003.02.01"]
[Round "2"]
[White "Pinter,J"]
[Black "Dautov,R"]
[Result "1/2-1/2"]
[WhiteElo "2562"]
[BlackElo "2604"]

1.d4 Nf6 2.c4 c6 3.Nc3 d5 4.Nf3 a6 5.c5 Nbd7 6.Bf4 Nh5 7.e3 Nxf4 8.exf4 g6
9.Bd3 Qc7 10.g3 Bg7 11.O-O O-O 12.Re1 b6 13.cxb6 Nxb6 14.Ne5 c5 15.Rc1 c4
16.Bf1 Qd6 17.Bg2 Rb8 18.Qe2 Bf5 19.b3 e6 20.bxc4 dxc4 21.Red1 Rfc8 22.d5 Rc5
23.Nc6 Re8 24.dxe6 Qxe6 25.Qxe6 Bxe6 26.Ne5 Bxe5 27.fxe5 Rxe5 28.Rd6 Bf5
29.Bb7 R5e6 30.Rxe6 Bxe6 31.Bxa6 Ra8 32.Bb7 Ra3 33.Bc6 Kg7 34.f4 Nc8 35.Kf2 Ne7
36.Be4 h5 37.Ke3 Kf6 38.Kd4 h4 39.gxh4 Ra5 40.a4 Nf5+ 41.Bxf5 Kxf5 42.Ke3 Kg4
43.Rg1+ Kxh4 44.Rg3 Bd7 45.Rg2 Kh3 46.Ra2 Kg4 47.Rg2+ Kh3 48.Rd2 Ra7 49.a5 Be6
50.Ra2 Rd7 51.Rd2 Ra7 52.Ra2 Rd7 53.Rd2 Ra7  1/2-1/2

[Event "National I"]
[Site "Montpellier FRA"]
[Date "2003.02.01"]
[Round "2"]
[White "Letreguilly,O"]
[Black "Bujisho,B"]
[Result "0-1"]
[WhiteElo "2238"]
[BlackElo "2408"]

1.d4 d5 2.c4 c6 3.Nf3 Nf6 4.Nc3 a6 5.g3 dxc4 6.Bg2 b5 7.O-O e6 8.Bg5 Bb7
9.a4 Be7 10.Ne5 Nd5 11.Bxe7 Qxe7 12.Ne4 f6 13.Nf3 Nd7 14.b3 c3 15.b4 a5 16.Nc5 Nxc5
17.bxc5 b4 18.Qb3 O-O 19.Rfe1 Nc7 20.e4 Kh8 21.e5 f5 22.h4 Rad8 23.Rad1 Rd7
24.Bf1 Ba6 25.Bxa6 Nxa6 26.Qc4 Nc7 27.Kf1 Qe8 28.Qe2 Qg6 29.Qd3 Qh5 30.Ke2 Qg4
31.Kf1 f4 32.Ng5 g6 33.Qe2 Qxe2+ 34.Kxe2 Rb8 35.Kd3 Rbd8 36.Kc2 h6 37.Nf3 fxg3
38.fxg3 Rf7 39.Ng1 Nd5 40.Kb3 Rf2 41.Re2 Rdf8 42.Rde1 Rxe2 43.Nxe2 g5 44.hxg5 hxg5
45.Nc1 Rf3 46.Rg1 Rf2 47.Kc4 Rd2 48.Re1 c2  0-1

[Event "National I"]
[Site "Sautron FRA"]
[Date "2003.02.01"]
[Round "2"]
[White "Bourel,F"]
[Black "Eliet,N"]
[Result "0-1"]
[WhiteElo "2145"]
[BlackElo "2422"]

1.d4 d5 2.c4 c6 3.Nf3 Nf6 4.Nc3 a6 5.e3 b5 6.cxb5 cxb5 7.Bd3 e6 8.O-O Bb7
9.Qc2 Nc6 10.a3 Rc8 11.b4 Bd6 12.Bd2 O-O 13.Qb1 e5 14.Bf5 Rc7 15.dxe5 Nxe5
16.Nd4 Nc4 17.Be1 g6 18.Bd3 Qe7 19.Nce2 Ne4 20.Bxe4 dxe4 21.Bc3 Qh4 22.g3 Qh3
23.Kh1 Rfc8 24.Rd1 Ne5 25.Nf4 Qh6 26.Be1 Nd3 27.Qb3 Bxf4 28.gxf4 Qh3 29.Rab1 Qf1+  0-1

[Event "FSIMB Feb"]
[Site "Budapest HUN"]
[Date "2003.02.06"]
[Round "6"]
[White "Peredy,F"]
[Black "Goczo,M"]
[Result "1-0"]
[WhiteElo "2311"]
[BlackElo "2222"]

1.d4 d5 2.c4 c6 3.Nf3 Nf6 4.Nc3 a6 5.c5 b6 6.cxb6 Nbd7 7.e3 Qxb6 8.Na4 Qc7
9.Bd2 e6 10.Rc1 Be7 11.Bd3 Bb7 12.O-O O-O 13.Qe2 e5 14.Nxe5 Nxe5 15.dxe5 Qxe5
16.Bc3 Qe6 17.Bd4 Ne4 18.b3 a5 19.Rc2 Bd6 20.Rfc1 Qh6 21.f4 Rfe8 22.Qf3 Ba3
23.Rd1 Ba6 24.Qg4 f5 25.Qe2 Bxd3 26.Qxd3 Qd6 27.Be5 Qe6 28.Qd4 Bf8 29.Qb6 Rac8
30.Qxa5 c5 31.Qb5 Red8 32.Qe2 Be7 33.Nc3 Bf6 34.Bxf6 Nxf6 35.Na4 Qe7 36.Qf3 Re8
37.Nb6 Rcd8 38.Nxd5 Rxd5 39.Rxd5 Ne4 40.Re5 Qd7 41.Rxe8+ Qxe8 42.Qd1 Qa8
43.a4 h6 44.Qd7 Qa5 45.Qc8+ Kh7 46.Qxf5+ g6 47.Qf7+ Kh8 48.Qf8+ Kh7 49.Qf7+ Kh8
50.Kf1 Qd8 51.Ke2 Qa8 52.Qxg6  1-0

[Event "11th Aosta Open"]
[Site "Saint Vincent ITA"]
[Date "2003.02.10"]
[Round "3"]
[White "Flear,G"]
[Black "Olarasu,G"]
[Result "1-0"]
[WhiteElo "2503"]
[BlackElo "2293"]

1.d4 d5 2.c4 c6 3.Nf3 Nf6 4.Nc3 a6 5.e3 b5 6.b3 Bg4 7.h3 Bxf3 8.gxf3 g6 9.f4 e6
10.c5 Bg7 11.Bb2 Nbd7 12.Bd3 O-O 13.Qc2 Nh5 14.O-O-O a5 15.a3 b4 16.Nb1 bxa3
17.Bxa3 Nb8 18.Nc3 Qc7 19.Na4 Nf6 20.Rdg1 Na6 21.h4 h5 22.Kd2 Qb7 23.Ke2 Ra7
24.Nb6 Rb8 25.Rb1 Nd7 26.b4 Nxb4 27.Bxb4 axb4 28.Rxb4 Qc7 29.Rhb1 Re8 30.Nxd7 Qxd7
31.Qb3 e5 32.fxe5 Qg4+ 33.Ke1 Ree7 34.Ra4 Rac7 35.Ra8+ Kh7 36.Qd1 Qg1+ 37.Ke2 Qg4+
38.Kd2 Qxh4 39.Qf3 Qg5 40.Rh1 Kh6 41.Raa1 Ra7 42.Rag1 Ra2+ 43.Bc2 Qf5 44.Rxh5+ Qxh5
45.Rh1  1-0

[Event "11th Aosta Open"]
[Site "Saint Vincent ITA"]
[Date "2003.02.11"]
[Round "4"]
[White "Cebalo,M"]
[Black "Costantini,R"]
[Result "0-1"]
[WhiteElo "2527"]
[BlackElo "2274"]

1.d4 d5 2.c4 c6 3.Nf3 Nf6 4.Nc3 a6 5.a4 e6 6.Bg5 a5 7.e3 Be7 8.Be2 Na6 9.O-O O-O
10.b3 Nb4 11.Rc1 b6 12.h3 Ba6 13.cxd5 Bxe2 14.Qxe2 Nfxd5 15.Bxe7 Qxe7 16.Ne5 Rfc8
17.e4 Nf4 18.Qf3 Ng6 19.Nc4 Rab8 20.Qe3 b5 21.Nb2 e5 22.dxe5 Nxe5 23.f4 Nd7
24.e5 Qc5 25.Rf3 Qxe3+ 26.Rxe3 Nc5 27.Ne2 bxa4 28.Nxa4 Nd5 29.Rxc5 Nxe3 30.Nd4 Kf8
31.Rxa5 Rb4 32.Nf3 Rxb3 33.Nc5 Rb5 34.Nd7+ Ke8 35.Ra7 Rd8 36.e6 fxe6 37.Nde5 Rb2
38.Rxg7 Rd1+ 39.Kh2 Nf1+ 40.Kg1 Ne3+ 41.Kh2 Nf5 42.Rg8+ Ke7 43.Nxc6+ Kf7
44.Rg5 Rbb1 45.Nce5+ Ke7 46.Rxf5 exf5 47.Kg3 Kf6 48.Ng5 h6 49.Ngf3 Rb4 50.Nc6 Re4
51.Nce5 Rd8 52.Nh4 Rdd4 53.Nhg6 Re3+ 54.Kf2 Ra3 55.Kg1 Ra8 56.Kf2 Rg8 57.Nf3 Ra4  0-1

[Event "11th Aosta Open"]
[Site "Saint Vincent ITA"]
[Date "2003.02.16"]
[Round "9"]
[White "Skembris,S"]
[Black "Georgiev,Vl"]
[Result "0-1"]
[WhiteElo "2426"]
[BlackElo "2549"]

1.d4 d5 2.c4 c6 3.Nf3 Nf6 4.Nc3 a6 5.e3 e6 6.a4 c5 7.Be2 Nc6 8.O-O Bd6 9.b3 O-O
10.Ba3 b6 11.Qd3 Bb7 12.Rfd1 cxd4 13.Bxd6 Qxd6 14.Nxd4 dxc4 15.bxc4 Rad8
16.Qb1 Qc5 17.a5 Nxa5 18.Na4 Qg5 19.g3 e5 20.h4 Qg6 21.Nf5 Rxd1+ 22.Bxd1 Re8
23.Nd6 Qxb1 24.Rxb1 Rd8 25.Nxb7 Nxb7 26.Nxb6 Nc5 27.Na4 Nfe4 28.Bc2 Kf8 29.Bxe4 Nxe4
30.c5 Ke7 31.Rb7+ Ke6 32.c6 Rd1+ 33.Kg2 Rd2 34.Rb4 Nxf2 35.c7 Nd3+ 36.Kf1 Rf2+
37.Kg1 Rc2 38.Rb7 Kd6 39.c8=Q Rxc8 40.Rxf7 Rc7 41.Rf8 Kd5 42.Kg2 Ke4 43.h5 Kxe3
44.h6 gxh6 45.Rf6 Rc2+ 46.Kg1 Ne1  0-1

[Event "ch-RUS w 1st League"]
[Site "Serpukhov RUS"]
[Date "2003.02.20"]
[Round "1"]
[White "Zakharova,A"]
[Black "Molchanova,T"]
[Result "0-1"]
[WhiteElo "2107"]
[BlackElo "2274"]

1.d4 d5 2.Nf3 Nf6 3.c4 c6 4.Nc3 a6 5.cxd5 cxd5 6.Ne5 Bf5 7.Qb3 Ra7 8.Bf4 e6
9.Qa4+ Nbd7 10.Nb5 axb5 11.Qxa7 Bb4+ 12.Bd2 Bxd2+ 13.Kxd2 O-O 14.f3 Nxe5
15.dxe5 Nd7 16.Qd4 Qa5+ 17.b4 Qa4 18.e4 dxe4 19.fxe4 Nxe5 20.exf5 Nc6 21.Qc5 Rd8+
22.Ke1 Nxb4 23.Rc1 Nxa2 24.Rc2 Qh4+ 25.Rf2 b6 26.Qc2 Nb4 27.Qb1 Qd4 28.Bxb5 Qe5+
29.Be2 Nd3+ 30.Kf1 Nxf2 31.Kxf2 Qf4+ 32.Ke1 Qd2+ 33.Kf2 Qd4+ 34.Ke1 exf5
35.Rf1 g6 36.Rf3 Qg1+ 37.Rf1 Qxh2 38.Qxb6 Qg3+ 39.Rf2 Ra8 40.Qb1 Qc3+ 41.Kf1 Ra1
42.Qd1 Rc1 43.Rf3 Qd2 44.Qxc1 Qxc1+ 45.Kf2 Kg7 46.Rh3 g5 47.Rf3 Qc5+ 48.Kf1 g4
49.Rd3 h5 50.g3 f4 51.gxf4 Qc1+ 52.Kg2 Qxf4 53.Rg3 f5 54.Rb3 h4 55.Kg1 h3  0-1

[Event "52nd ch-BUL w"]
[Site "Sofia BUL"]
[Date "2003.02.21"]
[Round "2"]
[White "Topel,Z"]
[Black "Georgieva,E"]
[Result "0-1"]
[WhiteElo "2131"]
[BlackElo "2060"]

1.d4 d5 2.Nf3 c6 3.c4 Nf6 4.Nc3 a6 5.a4 Bg4 6.e3 e6 7.Be2 Bd6 8.O-O Nbd7
9.cxd5 exd5 10.a5 O-O 11.Qb3 Qc7 12.h3 Bf5 13.Bd2 Rae8 14.Rfc1 Qb8 15.Na4 Ne4
16.Bb4 Re6 17.Bxd6 Rxd6 18.Nc3 h6 19.Bd1 g5 20.Bc2 Re8 21.Nxe4 Bxe4 22.Nh2 h5
23.Bxe4 Rxe4 24.Ra4 g4 25.Rb4 gxh3 26.Rxb7 Qd8 27.g3 h4 28.Nf3 Qf6 29.Nxh4 Rxh4
30.gxh4 Qf3  0-1

[Event "ch-CZE b18+20"]
[Site "Lahucovice CZE"]
[Date "2003.02.22"]
[Round "4"]
[White "Studnicka,T"]
[Black "Jirka,J"]
[Result "1-0"]
[WhiteElo "2124"]
[BlackElo "2370"]

1.d4 d5 2.c4 c6 3.Nf3 Nf6 4.Nc3 a6 5.cxd5 cxd5 6.Bf4 Nc6 7.a3 e6 8.e3 Be7
9.Bd3 Nh5 10.Bg3 Bd7 11.b4 Nxg3 12.hxg3 g6 13.O-O O-O 14.Qe2 Bf6 15.Rac1 Qe7
16.Rfd1 Rfd8 17.Bc2 Be8 18.Bb1 Na7 19.Ba2 Nb5 20.Nb1 Nd6 21.Nc3 Rac8 22.Nd2 Rc7
23.Nb3 Rdc8 24.Qe1 Nc4 25.Nb1 Ba4 26.Rd3 b6 27.Rcc3 Qf8 28.Qc1 Be7 29.N3d2 b5
30.Nb3 Bxb3 31.Bxb3 a5 32.bxa5 Ra8 33.a4 bxa4 34.Bxa4 Rxa5 35.Bb3 Ra1 36.Bxc4 dxc4
37.Rd1 Rb7 38.Qc2 Qb8 39.Nd2 Rxd1+ 40.Qxd1 Rb2 41.Nxc4 Ra2 42.Rc2 Qb3 43.Rc1 Qb4
44.Ne5 Bd6 45.Qf3 Bxe5 46.dxe5 Rc2  1-0

[Event "Open"]
[Site "Cappelle la Grande FRA"]
[Date "2003.02.23"]
[Round "2"]
[White "Teske,H"]
[Black "Foisor,O"]
[Result "1-0"]
[WhiteElo "2531"]
[BlackElo "2422"]

1.d4 d5 2.Nf3 Nf6 3.c4 c6 4.Nc3 a6 5.b3 Bf5 6.Nh4 Be6 7.e3 g6 8.Bd3 Bg7 9.c5 Nbd7
10.Bd2 O-O 11.Rc1 a5 12.a3 b6 13.b4 axb4 14.axb4 b5 15.f4 Bg4 16.Nf3 e6 17.O-O Bf5
18.Be2 Ne4 19.Ra1 Nxc3 20.Bxc3 Be4 21.Nd2 f5 22.Qb3 Qh4 23.Nxe4 fxe4 24.Ra2 Nf6
25.Be1 Qh6 26.Bg3 Nh5 27.Bg4 g5 28.Rxa8 Rxa8 29.fxg5 Qxg5 30.Bxe6+ Kh8 31.Bf2 Rf8
32.Qd1 Nf6 33.Qe2 Bh6 34.Re1 Nh5 35.Bh3 Ng7 36.Qd1 Nf5 37.Qg4 Qf6 38.Qxf5 Qxf5
39.Bxf5 Rxf5 40.Ra1 Kg7 41.Ra3 Kg6 42.Kf1 Bg7 43.Ke2 Rf6 44.Bg3 Re6 45.Ra6 Kf5
46.Bd6 Re8 47.h3 Rc8 48.Ra7 Kg6 49.g4 Bf6 50.Be7 Bxe7 51.Rxe7 h5 52.Re6+ Kg5
53.Re5+ Kh4 54.g5 Rh8 55.Re6  1-0

[Event "52nd ch-BUL w"]
[Site "Sofia BUL"]
[Date "2003.02.23"]
[Round "4"]
[White "Topel,Z"]
[Black "Voiska,M"]
[Result "0-1"]
[WhiteElo "2131"]
[BlackElo "2343"]

1.d4 d5 2.Nf3 Nf6 3.c4 c6 4.Nc3 a6 5.cxd5 cxd5 6.g3 Nc6 7.Bg2 e6 8.O-O Be7
9.a3 O-O 10.b4 Ne8 11.Na4 Nd6 12.Qd3 b6 13.Bf4 Bd7 14.Nb2 Ne4 15.Nd2 f5 16.f3 Nxd2
17.Qxd2 a5 18.Rac1 axb4 19.a4 Bf6 20.Be3 Qe7 21.Bf2 Bg5 22.Be3 Bxe3+ 23.Qxe3 Qd6
24.Qd3 Rfc8 25.Rfd1 Na5 26.e4 Rxc1 27.Rxc1 Rc8 28.Rxc8+ Bxc8 29.exf5 Qc6
30.fxe6 Qc1+ 31.Nd1 Bxe6 32.Qe2 Bf7 33.f4 h6 34.Bh3 b3 35.Be6 b2 36.Bxf7+ Kxf7
37.Qh5+ Ke7 38.Qe5+ Kd7 39.Qxd5+ Kc7 40.Qe5+ Kb7 41.Qd5+ Ka7 42.Qd7+ Nb7
43.a5 Qxd1+  0-1

[Event "Open"]
[Site "Cappelle la Grande FRA"]
[Date "2003.02.24"]
[Round "4"]
[White "Teske,H"]
[Black "Burmakin,V"]
[Result "1/2-1/2"]
[WhiteElo "2531"]
[BlackElo "2575"]

1.d4 d5 2.Nf3 c6 3.c4 Nf6 4.Nc3 a6 5.cxd5 cxd5 6.Bg5 Ne4 7.Rc1 Nxg5 8.Nxg5 e6
9.f4 Be7 10.Nf3 b5 11.e3 Bb7 12.Bd3 Nd7 13.O-O O-O 14.Ne5 Rc8 15.Nxd7 Qxd7
16.Rf2 Rc7 17.Rfc2 Rfc8 18.Kf2 g6 19.Nb1 f6 20.Nd2 e5 21.Rxc7 Rxc7 22.Rxc7 Qxc7
23.Qc2 Qd8 24.Qd1 exd4  1/2-1/2